ਗੁਰੂ ਭਰੋਸਾ - ਪ੍ਰਭੁ ਭਰੋਸਾ / (Record no. 110492)

MARC details
000 -LEADER
fixed length control field 01073nam a22002537a 4500
005 - DATE AND TIME OF LATEST TRANSACTION
control field 20170123164153.0
010 ## - LIBRARY OF CONGRESS CONTROL NUMBER
LC control number B-125051
020 ## - INTERNATIONAL STANDARD BOOK NUMBER
Terms of availability 80.00
International Standard Book Number 817205338
035 ## - SYSTEM CONTROL NUMBER
System control number B-125051
037 ## - SOURCE OF ACQUISITION
Stock number Cen Lib / Ret
040 ## - CATALOGING SOURCE
Original cataloging agency DPL
Language of cataloging PN
082 ## - DEWEY DECIMAL CLASSIFICATION NUMBER
Classification number 260
Item number ਗੁਰਵਿੰ
100 ## - MAIN ENTRY--PERSONAL NAME
Personal name ਗਿਆਨੀ ਗੁਰਵਿੰਦਰ ਸਿੰਘ ਕੋਮਲ
9 (RLIN) 128065
245 ## - TITLE STATEMENT
Title ਗੁਰੂ ਭਰੋਸਾ - ਪ੍ਰਭੁ ਭਰੋਸਾ /
Statement of responsibility, etc ਗਿਆਨੀ ਗੁਰਵਿੰਦਰ ਸਿੰਘ ਕੋਮਲ
246 ## - VARYING FORM OF TITLE
Title proper/short title Guru bharosa - prabhu bharosa /
Remainder of title by Giani Gurwinder Singh Komal
260 ## - PUBLICATION, DISTRIBUTION, ETC. (IMPRINT)
Place of publication, distribution, etc ਅੰਮ੍ਰਿਤਸਰ
Name of publisher, distributor, etc ਸਿੰਘ ਬਦਰਜ਼
Date of publication, distribution, etc 2005
270 ## - ADDRESS
Address SCO 223-24, ਕੀਤੀ ਸੈਂਟਰ
City ਅੰਮ੍ਰਿਤਸਰ
Postal code 143001
300 ## - PHYSICAL DESCRIPTION
Extent 152p.
Dimensions 22cm(Hb)
650 ## - SUBJECT ADDED ENTRY--TOPICAL TERM
Topical term or geographic name as entry element ਪੰਜਾਬੀ ਸਾਹਿਤ
9 (RLIN) 128066
650 ## - SUBJECT ADDED ENTRY--TOPICAL TERM
Topical term or geographic name as entry element ਪੰਜਾਬੀ -- ਧਰਮ
9 (RLIN) 1301
650 ## - SUBJECT ADDED ENTRY--TOPICAL TERM
Topical term or geographic name as entry element Punjabi - Religious
9 (RLIN) 128067
650 ## - SUBJECT ADDED ENTRY--TOPICAL TERM
Topical term or geographic name as entry element Literature - punjabi
9 (RLIN) 128068
942 ## - ADDED ENTRY ELEMENTS (KOHA)
Source of classification or shelving scheme Dewey Decimal Classification
Koha item type Punjabi Bks
Classification part 260
Call number suffix ਗੁਰਵਿੰ
Holdings
Withdrawn status Lost status Damaged status Not for loan Home library Current library Date acquired Source of acquisition Cost, normal purchase price Total Checkouts Full call number Barcode Date last seen Copy number Cost, replacement price Price effective from Koha item type
        Central Library Central Library 27/01/2016 Cen Lib/Ret 80.00   260 ਗੁਰਵਿੰ B-125051 27/01/2016 1 80.00 27/01/2016 Punjabi Bks

© Delhi Public Library
Hit Counter
free hit counter